[Event "Titled Tuesday intern op 06th Feb Early"]
[Site "Chess.com INT"]
[Date "2024.02.06"]
[Round "4"]
[White "Brodowski, Piotr"]
[Black "Farahat, Ali"]
[Result "0-1"]
[WhiteElo "2441"]
[BlackElo "2327"]
[PlyCount "66"]
[EventDate "2024.02.06"]
[EventType "swiss (blitz)"]
[EventRounds "11"]
[EventCountry "USA"]
[SourceTitle "CB07_2024"]
[SourceDate "2024.02.14"]
[SourceVersion "1"]
[SourceVersionDate "2024.02.14"]
[SourceQuality "1"]

1. e4 e5 2. Nf3 Nc6 3. d4 exd4 4. Bc4 Nf6 5. e5 d5 6. Bb5 Ne4 7. Nxd4 Bc5 8. 0-0 0-0 9. Bxc6 bxc6 10. f3 f6 11. fxe4 fxe5 12. Rxf8+ Qxf8 13. c3 exd4 14. cxd4 Bb6 15. e5 c5 16. Nc3 Be6 17. Be3 cxd4 18. Bxd4 c5 19. Bf2 d4 20. Ne4 Qf5 21. Qf3 Qxf3 22. gxf3 Bd5 23. Nd2 Re8 24. f4 g5 25. Bg3 c4 26. fxg5 c3 27. Nb3 d3+ 28. Kf1 Bxb3 29. axb3 c2 30. Ke1 Be3 31. h4 c1Q+ 32. Rxc1 d2+ 33. Kd1 dxc1Q+ 0-1

[Event "Titled Tuesday intern op 06th Feb Early"]
[Site "Chess.com INT"]
[Date "2024.02.06"]
[Round "3"]
[White "Erigaisi, Arjun Kumar"]
[Black "Brodowski, Piotr"]
[Result "1-0"]
[WhiteElo "2738"]
[BlackElo "2441"]
[PlyCount "55"]
[EventDate "2024.02.06"]
[EventType "swiss (blitz)"]
[EventRounds "11"]
[EventCountry "USA"]
[SourceTitle "CB07_2024"]
[SourceDate "2024.02.14"]
[SourceVersion "1"]
[SourceVersionDate "2024.02.14"]
[SourceQuality "1"]

1. b3 g6 2. Bb2 Nf6 3. g3 Bg7 4. Bg2 0-0 5. Nf3 c5 6. c4 Nc6 7. 0-0 d6 8. d4 cxd4 9. Nxd4 Bd7 10. Nc3 Rc8 11. e3 Ne5 12. Qe2 Bc6 13. Nxc6 bxc6 14. Rad1 Qa5 15. Na4 Ned7 16. Bc3 Qc7 17. e4 Rcd8 18. Qe3 e5 19. Rd3 c5 20. Rfd1 Nb8 21. Qd2 Nc6 22. Rxd6 Nd4 23. Rxd8 Rxd8 24. Ba5 Nf3+ 25. Bxf3 Rxd2 26. Bxc7 Nxe4 27. Rxd2 Nxd2 28. Bd5 1-0

[Event "Titled Tuesday intern op 06th Feb Early"]
[Site "Chess.com INT"]
[Date "2024.02.06"]
[Round "6"]
[White "Gavrilov, Maxim"]
[Black "Brodowski, Piotr"]
[Result "1-0"]
[WhiteElo "2167"]
[BlackElo "2441"]
[PlyCount "75"]
[EventDate "2024.02.06"]
[EventType "swiss (blitz)"]
[EventRounds "11"]
[EventCountry "USA"]
[SourceTitle "CB07_2024"]
[SourceDate "2024.02.14"]
[SourceVersion "1"]
[SourceVersionDate "2024.02.14"]
[SourceQuality "1"]

1. d4 Nf6 2. c4 g6 3. Nf3 Bg7 4. g3 0-0 5. Bg2 d6 6. 0-0 Nbd7 7. Nc3 e5 8. e4 exd4 9. Nxd4 Re8 10. Qc2 a5 11. h3 Nc5 12. Be3 Bd7 13. Rad1 Qc8 14. Kh2 h5 15. f3 a4 16. Ndb5 Ne6 17. f4 Bc6 18. e5 dxe5 19. fxe5 Bxg2 20. Qxg2 Nd7 21. Nd5 Nxe5 22. Qf2 f5 23. Bc5 Nxc5 24. Qxc5 c6 25. Nd6 Bf8 26. Nf6+ Kh8 27. Nfxe8 Qxe8 28. Qxe5+ Qxe5 29. Nf7+ Kg7 30. Nxe5 Re8 31. Rd7+ Kg8 32. Nxg6 Re2+ 33. Kh1 Bc5 34. Rxb7 a3 35. b4 Bd4 36. Ne7+ Kh8 37. Nxf5 Be5 38. Nd4 1-0

[Event "POL-chT 1st League"]
[Site "Leba"]
[Date "2023.09.26"]
[Round "4.1"]
[White "Brodowski, Piotr"]
[Black "Sabuk, Piotr"]
[Result "0-1"]
[WhiteElo "2447"]
[BlackElo "2394"]
[PlyCount "56"]
[EventDate "2023.09.23"]
[EventType "team-swiss"]
[EventRounds "9"]
[EventCountry "POL"]
[SourceTitle "EXT 2024"]
[Source "ChessBase"]
[SourceDate "2023.10.10"]
[SourceVersion "1"]
[SourceVersionDate "2023.10.10"]
[SourceQuality "1"]
[WhiteTeam "Bydgoszcz Energia Gwiazda"]
[BlackTeam "Wisznia Mala Bialy Krol"]
[WhiteTeamCountry "POL"]
[BlackTeamCountry "POL"]

1. Nf3 d5 2. d4 Nf6 3. c4 e6 4. Nc3 c5 5. cxd5 exd5 6. g3 Nc6 7. Bg2 cxd4 8. Nxd4 Bc5 9. Nb3 Bb6 10. 0-0 d4 11. Na4 0-0 12. Nxb6 axb6 13. Bg5 Be6 14. Qd3 Ra4 15. Rfc1 Qa8 16. Bxf6 gxf6 17. a3 Ne5 18. Qd1 Rd8 19. Nd2 d3 20. e3 b5 21. Qh5 Kg7 22. Rc5 Bg4 23. Rxe5 Bxh5 24. Rxh5 b4 25. Rc1 bxa3 26. bxa3 Rxa3 27. Be4 Ra1 28. Rxh7+ Kg8 0-1

[Event "Titled Tuesday intern op 15th Aug Early"]
[Site "Chess.com INT"]
[Date "2023.08.15"]
[Round "5"]
[White "Brodowski, Piotr"]
[Black "Lazavik, Denis"]
[Result "0-1"]
[WhiteElo "2442"]
[BlackElo "2560"]
[PlyCount "72"]
[EventDate "2023.08.15"]
[EventType "swiss (blitz)"]
[EventRounds "11"]
[EventCountry "USA"]
[SourceTitle "EXT 2024"]
[Source "ChessBase"]
[SourceDate "2023.10.10"]
[SourceVersion "1"]
[SourceVersionDate "2023.10.10"]
[SourceQuality "1"]

1. c4 Nf6 2. Nf3 e6 3. b3 b6 4. g3 Bb7 5. Bg2 Be7 6. Bb2 0-0 7. 0-0 c5 8. Nc3 d6 9. e3 Nbd7 10. Ne2 a6 11. d4 b5 12. Nf4 bxc4 13. bxc4 Qb6 14. Rb1 Be4 15. dxc5 Qxc5 16. Rc1 Rab8 17. Ba1 Qc7 18. Bh3 Nc5 19. Ng5 Ba8 20. Qc2 Nfe4 21. Nxe4 Bxe4 22. Qd2 Ba8 23. Nh5 e5 24. f4 Qc6 25. Qd5 Qxd5 26. cxd5 g6 27. fxe5 gxh5 28. exd6 Bxd6 29. Rf6 Be7 30. Rh6 Bg5 31. Rxh5 Bxe3+ 32. Kf1 Bxc1 33. Bf5 f6 34. Bxh7+ Kg7 35. Bc2 Rh8 36. Rf5 Nd7 0-1

[Event "Titled Tuesday intern op 01st Aug Early"]
[Site "Chess.com INT"]
[Date "2023.08.01"]
[Round "3"]
[White "Brodowski, Piotr"]
[Black "Kamsky, Gata"]
[Result "0-1"]
[WhiteElo "2442"]
[BlackElo "2641"]
[PlyCount "62"]
[EventDate "2023.08.01"]
[EventType "swiss (blitz)"]
[EventRounds "11"]
[EventCountry "USA"]
[SourceTitle "EXT 2024"]
[Source "ChessBase"]
[SourceDate "2023.10.10"]
[SourceVersion "1"]
[SourceVersionDate "2023.10.10"]
[SourceQuality "1"]

1. c4 e5 2. Nc3 Nc6 3. g3 Bc5 4. Bg2 a6 5. e3 Nge7 6. Nge2 Ba7 7. a3 d6 8. b4 0-0 9. Bb2 Bf5 10. d3 Qd7 11. h3 Kh8 12. Qd2 Rab8 13. f4 Be6 14. e4 f5 15. Nd5 b5 16. fxe5 Nxe5 17. cxb5 fxe4 18. dxe4 Bf2+ 19. Kd1 Bxd5 20. exd5 Nf5 21. Nf4 Ne3+ 22. Kc1 Nxg2 23. Nxg2 Nc4 24. Qc3 axb5 25. Rf1 Nxb2 26. Kxb2 Qxh3 27. Nf4 Qxg3 28. Ne6 Rf3 29. Qd2 Ra8 30. Rac1 Rfxa3 31. Rxc7 Qb3+ 0-1

[Event "Titled Tuesday intern op 01st Aug Early"]
[Site "Chess.com INT"]
[Date "2023.08.01"]
[Round "4"]
[White "Souleidis, Georgios"]
[Black "Brodowski, Piotr"]
[Result "0-1"]
[WhiteElo "2419"]
[BlackElo "2442"]
[PlyCount "96"]
[EventDate "2023.08.01"]
[EventType "swiss (blitz)"]
[EventRounds "11"]
[EventCountry "USA"]
[SourceTitle "EXT 2024"]
[Source "ChessBase"]
[SourceDate "2023.10.10"]
[SourceVersion "1"]
[SourceVersionDate "2023.10.10"]
[SourceQuality "1"]

1. e4 c5 2. Nf3 Nc6 3. Bc4 g6 4. 0-0 Bg7 5. Re1 d6 6. c3 Nf6 7. Bf1 0-0 8. h3 h6 9. d4 cxd4 10. cxd4 e5 11. d5 Ne7 12. Nc3 Ne8 13. a4 f5 14. a5 Nf6 15. exf5 gxf5 16. a6 Kh7 17. Bc4 Qc7 18. Qb3 bxa6 19. Bxa6 Rb8 20. Qc4 Qb6 21. Be3 Qb4 22. Bxa7 Qxc4 23. Bxc4 Rxb2 24. Reb1 Rc2 25. Rc1 Rxc1+ 26. Rxc1 Bb7 27. Rb1 Bxd5 28. Nxd5 Nexd5 29. Rd1 Ra8 30. Bxd5 Rxa7 31. Be6 Kg6 32. Nh4+ Kg5 33. Nxf5 Bf8 34. h4+ Kf4 35. Nxd6 Bxd6 36. Rxd6 Ra1+ 37. Kh2 Ne4 38. Rd8 Nxf2 39. Rf8+ Ke3 40. Rf3+ Ke2 41. Bc4+ Ke1 42. Re3+ Kd1 43. Kg3 Nh1+ 44. Kg4 Ra4 45. Kh5 Rxc4 46. Rxe5 Rc6 47. Re3 Kd2 48. Rf3 Ke2 0-1

[Event "Titled Tuesday intern op 18th Jul Early"]
[Site "Chess.com INT"]
[Date "2023.07.18"]
[Round "3"]
[White "Brodowski, Piotr"]
[Black "Morkunas, Gustas"]
[Result "1-0"]
[WhiteElo "2457"]
[BlackElo "2074"]
[PlyCount "95"]
[EventDate "2023.07.18"]
[EventType "swiss (blitz)"]
[EventRounds "11"]
[EventCountry "USA"]
[SourceTitle "EXT 2024"]
[Source "ChessBase"]
[SourceDate "2023.10.10"]
[SourceVersion "1"]
[SourceVersionDate "2023.10.10"]
[SourceQuality "1"]

1. e4 c5 2. Nf3 e6 3. g3 d5 4. exd5 exd5 5. d4 cxd4 6. Bg2 Nf6 7. 0-0 Bg4 8. Nbd2 Be7 9. Nb3 0-0 10. Nbxd4 Nc6 11. h3 Bxf3 12. Nxf3 Qd7 13. c3 Rad8 14. Be3 Rfe8 15. Qb3 Bf8 16. Rad1 Qc7 17. Nd4 Rxe3 18. fxe3 Qxg3 19. Nf5 Qe5 20. Rde1 g6 21. Nd4 Bd6 22. Nf3 Qg3 23. Qc2 Ne4 24. Rd1 Ne5 25. Rxd5 Nxf3+ 26. Rxf3 Qh2+ 27. Kf1 Ng3+ 28. Rxg3 Qxg3 29. Qd3 h5 30. c4 b6 31. b4 Re8 32. Rxd6 Rxe3 33. Rd8+ Kh7 34. Qd2 Qf4+ 35. Qf2 Qxc4+ 36. Kg1 Re2 37. Qf6 Re1+ 38. Kh2 Qc7+ 39. Qd6 Qc1 40. Qd4 Qc7+ 41. Qd6 Qc1 42. Rd7 Qc4 43. Qf6 Rc1 44. Rxf7+ Kh6 45. Qg7+ Kg5 46. Qe5+ Kh6 47. Rf8 Rd1 48. Rh8# 1-0

[Event "Titled Tuesday intern op 18th Jul Early"]
[Site "Chess.com INT"]
[Date "2023.07.18"]
[Round "2"]
[White "Topalov, Aleksandar"]
[Black "Brodowski, Piotr"]
[Result "0-1"]
[WhiteElo "2233"]
[BlackElo "2457"]
[PlyCount "34"]
[EventDate "2023.07.18"]
[EventType "swiss (blitz)"]
[EventRounds "11"]
[EventCountry "USA"]
[SourceTitle "EXT 2024"]
[Source "ChessBase"]
[SourceDate "2023.10.10"]
[SourceVersion "1"]
[SourceVersionDate "2023.10.10"]
[SourceQuality "1"]

1. b3 e5 2. Bb2 Nc6 3. c4 g6 4. Nc3 Bg7 5. g3 Nge7 6. Bg2 0-0 7. a3 d6 8. e3 f5 9. Nge2 g5 10. f4 Ng6 11. 0-0 gxf4 12. gxf4 e4 13. Qc2 Nh4 14. Nd5 Rf7 15. Rf2 Be6 16. d3 exd3 17. Qxd3 Bxb2 0-1

[Event "Titled Tuesday intern op 18th Jul Early"]
[Site "Chess.com INT"]
[Date "2023.07.18"]
[Round "4"]
[White "Zavgorodniy, Sergiy"]
[Black "Brodowski, Piotr"]
[Result "1-0"]
[WhiteElo "2416"]
[BlackElo "2457"]
[PlyCount "75"]
[EventDate "2023.07.18"]
[EventType "swiss (blitz)"]
[EventRounds "11"]
[EventCountry "USA"]
[SourceTitle "EXT 2024"]
[Source "ChessBase"]
[SourceDate "2023.10.10"]
[SourceVersion "1"]
[SourceVersionDate "2023.10.10"]
[SourceQuality "1"]

1. d4 d6 2. c4 e5 3. Nc3 exd4 4. Qxd4 Nc6 5. Qd2 g6 6. b3 Bg7 7. Bb2 Nf6 8. g3 0-0 9. Bg2 Bd7 10. Nh3 a6 11. Nf4 Rb8 12. h4 h5 13. 0-0 Ne5 14. a4 Bc6 15. Nfd5 Re8 16. Rac1 Neg4 17. e3 Nd7 18. Rfd1 a5 19. Nb5 Nc5 20. Bxg7 Kxg7 21. Nbxc7 Re5 22. Qc3 f6 23. Rb1 Rc8 24. Nb5 Bxb5 25. axb5 g5 26. hxg5 Rxg5 27. Rd4 Ne6 28. Rd2 Rg6 29. Rbd1 h4 30. Be4 Rh6 31. Nf4 Nxf4 32. gxf4 h3 33. Bf3 h2+ 34. Kh1 Qd7 35. Qc2 Kh8 36. Rxd6 Qg7 37. Rd8+ Rxd8 38. Rxd8+ 1-0

[Event "New York Summer 1000 GM IM-C"]
[Site "New York"]
[Date "2023.07.09"]
[Round "7.1"]
[White "Brodowski, Piotr"]
[Black "Yoo, Eugene"]
[Result "1/2-1/2"]
[WhiteElo "2457"]
[BlackElo "2135"]
[PlyCount "58"]
[EventDate "2023.07.06"]
[EventType "schev"]
[EventRounds "9"]
[EventCountry "USA"]
[SourceTitle "CBM 215 Extra"]
[Source "ChessBase"]
[SourceDate "2023.09.30"]
[SourceVersion "1"]
[SourceVersionDate "2023.09.30"]
[SourceQuality "1"]
[WhiteTeam "Team A"]
[BlackTeam "Team B"]
[WhiteTeamCountry "USA"]
[BlackTeamCountry "USA"]

1. Nf3 Nf6 2. c4 e6 3. b3 c5 4. g3 b6 5. Bg2 Bb7 6. 0-0 Be7 7. Bb2 0-0 8. d4 cxd4 9. Qxd4 Nc6 10. Qf4 d5 11. Rd1 Qb8 12. Ne5 Qc8 13. Ng4 Nxg4 14. Qxg4 d4 15. Nd2 f5 16. Qh3 Bf6 17. Nf3 e5 18. e3 dxe3 19. fxe3 e4 20. Nd4 Bg5 21. Nc2 g6 22. Rd6 Qe8 23. g4 Ne5 24. gxf5 Rxf5 25. Nd4 Nf3+ 26. Kh1 Bc8 27. Nxf5 Bxf5 28. Qg3 Bh4 29. Qf4 Bg5 1/2-1/2

[Event "New York Summer 1000 GM IM-C"]
[Site "New York"]
[Date "2023.07.09"]
[Round "6.1"]
[White "Mou, Iris Zhaoying"]
[Black "Brodowski, Piotr"]
[Result "0-1"]
[WhiteElo "2214"]
[BlackElo "2457"]
[PlyCount "92"]
[EventDate "2023.07.06"]
[EventType "schev"]
[EventRounds "9"]
[EventCountry "USA"]
[SourceTitle "CBM 215 Extra"]
[Source "ChessBase"]
[SourceDate "2023.09.30"]
[SourceVersion "1"]
[SourceVersionDate "2023.09.30"]
[SourceQuality "1"]
[WhiteTeam "Team B"]
[BlackTeam "Team A"]
[WhiteTeamCountry "USA"]
[BlackTeamCountry "USA"]

1. e4 g6 2. d4 Bg7 3. Nc3 c6 4. Be3 d5 5. exd5 cxd5 6. Qd2 Nc6 7. Nf3 Nf6 8. h3 Bf5 9. Ne5 0-0 10. g4 Ne4 11. Nxc6 bxc6 12. Nxe4 Bxe4 13. Rg1 Rb8 14. c3 e5 15. Be2 Re8 16. Kf1 exd4 17. cxd4 Qf6 18. Bf4 Rxb2 19. Qxb2 Qxf4 20. Qc1 Qh2 21. Qc3 Bxd4 22. Qxd4 Qxh3+ 23. Ke1 Bd3 24. Kd1 Rxe2 25. Qf4 Bc4 26. f3 Qh2 27. Qxh2 Rxh2 28. a4 Bb3+ 29. Kc1 c5 30. Re1 Kf8 31. Rb1 Rc2+ 32. Kd1 c4 33. Re5 d4 34. Rd5 Rh2+ 35. Kc1 Rh1+ 36. Kb2 c3+ 37. Kxb3 Rxb1+ 38. Kc2 Rb2+ 39. Kc1 Rd2 40. Rc5 Ke8 41. a5 Kd7 42. a6 Ra2 43. Rd5+ Ke6 44. Rxd4 Rxa6 45. Rc4 Kd7 46. Rxc3 Rc6 0-1

[Event "New York Summer 1000 GM IM-C"]
[Site "New York"]
[Date "2023.07.08"]
[Round "4.1"]
[White "Brodowski, Piotr"]
[Black "Reiss, Aiden"]
[Result "0-1"]
[WhiteElo "2457"]
[BlackElo "2252"]
[PlyCount "49"]
[EventDate "2023.07.06"]
[EventType "schev"]
[EventRounds "9"]
[EventCountry "USA"]
[SourceTitle "CBM 215 Extra"]
[Source "ChessBase"]
[SourceDate "2023.09.30"]
[SourceVersion "1"]
[SourceVersionDate "2023.09.30"]
[SourceQuality "1"]
[WhiteTeam "Team A"]
[BlackTeam "Team D"]
[WhiteTeamCountry "USA"]
[BlackTeamCountry "USA"]

1. c4 Nf6 2. Nf3 g6 3. Nc3 Bg7 4. e4 e5 5. Be2 Nc6 6. 0-0 0-0 7. d3 d6 8. Be3 h6 9. h3 Nh5 10. d4 exd4 11. Nxd4 Nf4 12. Nxc6 Nxe2+ 13. Qxe2 bxc6 14. Qd2 Qh4 15. Bd4 Bxd4 16. Qxd4 Be6 17. Rad1 Rae8 18. Rfe1 c5 19. Qd3 f5 20. b3 Qxf2+ 21. Kxf2 fxe4+ 22. Kg1 exd3 23. Rxd3 Bxc4 24. Rxe8 Bxd3 25. Re3 0-1

[Event "New York Summer 1000 GM IM-C"]
[Site "New York"]
[Date "2023.07.07"]
[Round "3.1"]
[White "Rama, Tejas"]
[Black "Brodowski, Piotr"]
[Result "0-1"]
[WhiteElo "2277"]
[BlackElo "2457"]
[PlyCount "54"]
[EventDate "2023.07.06"]
[EventType "schev"]
[EventRounds "9"]
[EventCountry "USA"]
[SourceTitle "CBM 215 Extra"]
[Source "ChessBase"]
[SourceDate "2023.09.30"]
[SourceVersion "1"]
[SourceVersionDate "2023.09.30"]
[SourceQuality "1"]
[WhiteTeam "Team D"]
[BlackTeam "Team A"]
[WhiteTeamCountry "USA"]
[BlackTeamCountry "USA"]

1. d4 Nf6 2. c4 g6 3. Nc3 Bg7 4. e4 d6 5. Nf3 0-0 6. Be2 e5 7. Be3 Na6 8. 0-0 Qe7 9. h3 Nxe4 10. Nxe4 exd4 11. Bxd4 Qxe4 12. Qd2 Nc5 13. Bxc5 dxc5 14. Bd3 Qe7 15. Rad1 c6 16. b3 Be6 17. Ng5 Bh6 18. f4 Bxg5 19. fxg5 Rad8 20. Qe3 Rd4 21. Rde1 Rfd8 22. Be2 Qd6 23. Rf6 Qd7 24. Ref1 Bf5 25. R1xf5 gxf5 26. Bh5 Re4 27. Qf2 Qd4 0-1

[Event "Titled Tuesday intern op 30th May Late"]
[Site "Chess.com INT"]
[Date "2023.05.30"]
[Round "3"]
[White "Duda, Jan Krzysztof"]
[Black "Brodowski, Piotr"]
[Result "1-0"]
[WhiteElo "2724"]
[BlackElo "2457"]
[PlyCount "109"]
[EventDate "2023.05.30"]
[EventType "swiss (blitz)"]
[EventRounds "11"]
[EventCountry "USA"]
[SourceTitle "CBM 214 Extra"]
[Source "ChessBase"]
[SourceDate "2023.07.31"]
[SourceVersion "1"]
[SourceVersionDate "2023.07.31"]
[SourceQuality "1"]

1. d4 d6 2. e4 g6 3. c4 Bg7 4. Nc3 Nc6 5. Nge2 e5 6. Be3 Nf6 7. f3 a6 8. Qd2 0-0 9. d5 Ne7 10. g4 b5 11. Ng3 bxc4 12. h4 c6 13. g5 Nh5 14. Nxh5 gxh5 15. Bxc4 Bb7 16. dxc6 Nxc6 17. Nd5 Nd4 18. Bxd4 exd4 19. Qd3 Bxd5 20. Bxd5 Rb8 21. 0-0-0 Be5 22. Kb1 Qb6 23. Rd2 Bf4 24. Rg2 Rfc8 25. Bb3 Kg7 26. Rd1 a5 27. Bc4 a4 28. Rc2 Be3 29. a3 Qa5 30. Rh1 Qe5 31. Rhh2 Rc5 32. Bd5 Rbc8 33. Rxc5 Rxc5 34. Rc2 Qg3 35. Rc4 Qxh4 36. Rxa4 Qxg5 37. Ra7 Rxd5 38. exd5 Qxd5 39. Rc7 h4 40. Rc2 h3 41. a4 Qxf3 42. a5 Qf4 43. a6 h2 44. Rxh2 Qxh2 45. Qe4 Qe5 46. Qxe5+ dxe5 47. a7 d3 48. a8Q d2 49. Qg2+ Kf6 50. Kc2 Bf4 51. b4 h5 52. b5 h4 53. b6 Ke6 54. b7 e4 55. Qxe4+ 1-0

[Event "Titled Tuesday intern op 11th Apr Early"]
[Site "Chess.com INT"]
[Date "2023.04.11"]
[Round "1"]
[White "Brodowski, Piotr"]
[Black "Okike, David"]
[Result "1-0"]
[WhiteElo "2457"]
[BlackElo "2157"]
[PlyCount "117"]
[EventDate "2023.04.11"]
[EventType "swiss (blitz)"]
[EventRounds "11"]
[EventCountry "USA"]
[SourceTitle "CBM 213 Extra"]
[Source "ChessBase"]
[SourceDate "2023.05.31"]
[SourceVersion "1"]
[SourceVersionDate "2023.05.31"]
[SourceQuality "1"]

1. e4 c5 2. Nf3 Nc6 3. Bb5 g6 4. 0-0 Bg7 5. Re1 Nf6 6. c3 0-0 7. a4 Qc7 8. h3 h6 9. d4 cxd4 10. cxd4 d5 11. e5 Ne4 12. Nbd2 Bf5 13. Nf1 g5 14. Ne3 Be6 15. b3 a6 16. Bd3 Nb4 17. Bb2 Nxd3 18. Qxd3 Rac8 19. Nd2 Nxd2 20. Qxd2 Qb6 21. Ba3 Rfe8 22. Bc5 Qc7 23. Rac1 b6 24. Ba3 Qb7 25. g4 Bf8 26. f3 Rxc1 27. Rxc1 Rc8 28. h4 Rxc1+ 29. Qxc1 gxh4 30. Ng2 h3 31. Nf4 Qd7 32. Kh2 f6 33. Qe3 fxe5 34. Qxe5 Bf7 35. Nh5 Bxh5 36. Qxh5 e6 37. Bxf8 Kxf8 38. Qxh6+ Kg8 39. Qg6+ Kh8 40. Kxh3 b5 41. Qf6+ Kg8 42. Qg5+ Kh7 43. axb5 Qxb5 44. Qe7+ Kh8 45. Qxe6 Qxb3 46. Qf6+ Kg8 47. g5 Qd1 48. Qe6+ Kg7 49. Qxd5 Qh1+ 50. Kg3 Qe1+ 51. Kg4 Qg1+ 52. Kf5 Qb1+ 53. Qe4 Qb5+ 54. d5 Qd7+ 55. Qe6 Qb5 56. Qe7+ Kg8 57. Kf6 Qb2+ 58. Qe5 Qb6+ 59. Qe6+ 1-0

[Event "Titled Tuesday intern op 21st Mar Late"]
[Site "Chess.com INT"]
[Date "2023.03.21"]
[Round "7"]
[White "Ashraf, Artin"]
[Black "Brodowski, Piotr"]
[Result "1-0"]
[WhiteElo "2314"]
[BlackElo "2462"]
[PlyCount "81"]
[EventDate "2023.03.21"]
[EventType "swiss (blitz)"]
[EventRounds "11"]
[EventCountry "USA"]
[SourceTitle "EXT 2024"]
[Source "ChessBase"]
[SourceDate "2023.10.10"]
[SourceVersion "1"]
[SourceVersionDate "2023.10.10"]
[SourceQuality "1"]

1. c4 g6 2. Nf3 Bg7 3. d4 d6 4. e4 Bg4 5. Be2 Nc6 6. Be3 e5 7. d5 Bxf3 8. Bxf3 Nd4 9. Nd2 Ne7 10. Nb3 c5 11. dxc6 Nexc6 12. 0-0 0-0 13. g3 Rc8 14. Rc1 a5 15. Bg2 a4 16. Na1 Qb6 17. Qd2 Na5 18. Bxd4 exd4 19. b3 Rc6 20. Qd3 axb3 21. axb3 Qb4 22. e5 dxe5 23. Bxc6 bxc6 24. Rb1 Nb7 25. Nc2 Qe7 26. b4 e4 27. Qb3 d3 28. Ne3 f5 29. c5+ Kh8 30. Qa4 Nd8 31. b5 f4 32. gxf4 Rxf4 33. bxc6 Be5 34. Ng2 Rg4 35. f3 Qh4 36. fxg4 Qxh2+ 37. Kf2 Qg3+ 38. Kg1 e3 39. Rf8+ Kg7 40. Rf4 e2 41. Qe4 1-0

[Event "BL2-Nord 2223"]
[Site "Germany"]
[Date "2023.02.26"]
[Round "8.4"]
[White "Meins, Gerlef"]
[Black "Brodowski, Piotr"]
[Result "0-1"]
[WhiteElo "2414"]
[BlackElo "2461"]
[PlyCount "120"]
[EventDate "2022.10.22"]
[EventType "team-tourn"]
[EventRounds "10"]
[EventCountry "GER"]
[SourceTitle "EXT 2024"]
[Source "ChessBase"]
[SourceDate "2023.10.10"]
[SourceVersion "1"]
[SourceVersionDate "2023.10.10"]
[SourceQuality "1"]
[WhiteTeam "Werder Bremen II"]
[BlackTeam "Zehlendorf"]
[WhiteTeamCountry "GER"]
[BlackTeamCountry "GER"]

1. d4 d6 2. Nf3 g6 3. e4 Bg7 4. h3 Nd7 5. Nc3 c6 6. Be3 b5 7. d5 b4 8. dxc6 bxc3 9. cxd7+ Bxd7 10. b3 Nf6 11. e5 Ne4 12. exd6 0-0 13. Be2 exd6 14. 0-0 Re8 15. Bc4 Bf5 16. Nd4 Nd2 17. Nxf5 Nxf1 18. Bxf7+ Kxf7 19. Nxd6+ Kf8 20. Bc5 Re7 21. Qxf1 Bd4 22. Bxd4 Qxd6 23. Bxc3 Rc8 24. Rd1 Qc5 25. Bb2 Rce8 26. Bd4 Qxc2 27. Rc1 Qxc1 28. Qxc1 Re1+ 29. Qxe1 Rxe1+ 30. Kh2 a6 31. a4 Kf7 32. b4 Rb1 33. Bc5 Ke6 34. a5 Kd5 35. g3 Kc4 36. g4 Rb3 37. Kg2 Kd3 38. Bd6 Ke4 39. Bc5 Rc3 40. Bb6 Rb3 41. Bc5 Kd3 42. Bd6 Ke2 43. Bc5 Rc3 44. Bd4 Rf3 45. Bc5 h5 46. Be3 h4 47. Bc5 Rf6 48. Kg1 Kf3 49. Be7 Rf4 50. Bxh4 Rxb4 51. Bd8 Rb1+ 52. Kh2 Kxf2 53. h4 Rb4 54. h5 Rxg4 55. hxg6 Rxg6 56. Kh3 Ke3 57. Kh4 Kd4 58. Bg5 Kc4 59. Kg4 Kb5 60. Kf5 Rxg5+ 0-1

[Event "Titled Tuesday intern op 07th Feb Late"]
[Site "Chess.com INT"]
[Date "2023.02.07"]
[Round "2"]
[White "Brodowski, Piotr"]
[Black "Zhigalko, Sergei"]
[Result "0-1"]
[WhiteElo "2455"]
[BlackElo "2572"]
[PlyCount "55"]
[EventDate "2023.02.07"]
[EventType "swiss (blitz)"]
[EventRounds "11"]
[EventCountry "USA"]
[SourceTitle "EXT 2024"]
[Source "ChessBase"]
[SourceDate "2023.10.10"]
[SourceVersion "1"]
[SourceVersionDate "2023.10.10"]
[SourceQuality "1"]

1. c4 e5 2. Nc3 Nf6 3. Nf3 Nc6 4. e4 Bb4 5. d3 d6 6. a3 Bc5 7. b4 Bb6 8. Na4 Bg4 9. Bb2 Bd4 10. Be2 Bxf3 11. Bxf3 Bxb2 12. Nxb2 Nd4 13. 0-0 0-0 14. Be2 a5 15. b5 Nd7 16. Na4 Qg5 17. Nc3 Nc5 18. g3 f5 19. Bf3 Nxf3+ 20. Qxf3 fxe4 21. Nxe4 Rxf3 22. Nxg5 Rxd3 23. f4 h6 24. Nf3 exf4 25. gxf4 Re8 26. f5 Re4 27. f6 gxf6 28. Kh1 0-1